000 00451nam a22001817a 4500
003 MPLRDC
005 20220104144246.0
008 210129b ||||| |||| 00| 0 eng d
082 _a857.62 SBQZ v.5 c.2
100 _a松本清张
245 _a山之峡
_c林青文译
250 _a初版
260 _a
_b林白出版社
_c1980
300 _b
490 _a松本清张选集. 5
650 _a推理小说
942 _cBK
_o857.62 SBQZ v.5 c.2
999 _c47889
_d47879